Εργαστηριακή φυσικοχημική μελέτη-διερεύνηση έξι ανόργανων μεταλλικών ομοιοπαθητικών φαρμάκων και των δυναμοποιήσεών τους σε διαλύματα πέραν του Avogadro : μεταπτυχιακή διατριβή
Η κλασική θεραπευτική ομοιοπαθητική, μία επιστήμη μη γραμμική, πολύπλοκη, συστημική, δεν μπόρεσε μέχρι τώρα να πείσει περί της αναγκαιότητάς της λόγω φαρμάκου το οποίο είναι ένα μαύρο κουτί για την επιστήμη. Με αυτή την εργασία θέλουμε να δείξουμε κατά πόσο το μαύρο κουτί του ομοιοπαθητικού φαρμάκου...
Αποθηκεύτηκε σε:
| Κύριος συγγραφέας: | |
|---|---|
| Συγγραφή απο Οργανισμό/Αρχή: | |
| Άλλοι συγγραφείς: | |
| Μορφή: | Thesis Βιβλίο |
| Γλώσσα: | Greek |
| Δημοσίευση: |
2012
|
| Θέματα: | |
| Διαθέσιμο Online: | http://hdl.handle.net/11610/12703 |
| Ετικέτες: |
Προσθήκη ετικέτας
Δεν υπάρχουν, Καταχωρήστε ετικέτα πρώτοι!
|
MARC
| LEADER | 00000cam a2200000 i 4500 | ||
|---|---|---|---|
| 001 | 1/29876 | ||
| 008 | 130521s2012 gre d | ||
| 035 | |l 10114459 | ||
| 040 | |a GR-MY-UA |b gre |e aacr | ||
| 041 | 0 | |a gre | |
| 082 | 0 | |a 615.532 |2 (22) | |
| 100 | 1 | |a Καλλιαντάς, Δημήτρης. | |
| 245 | 1 | 0 | |a Εργαστηριακή φυσικοχημική μελέτη-διερεύνηση έξι ανόργανων μεταλλικών ομοιοπαθητικών φαρμάκων και των δυναμοποιήσεών τους σε διαλύματα πέραν του Avogadro : |b μεταπτυχιακή διατριβή / |c Δημήτρης Καλλιαντάς ; επιβλέπουσα: Χάιδω-Στεφανία Καραγιάννη |
| 260 | |c 2012 | ||
| 300 | |a 124 φύλλα; |b εικ.; |c 30 εκ. | ||
| 500 | |a Διάθεση πλήρους κειμένου ελεύθερης πρόσβασης | ||
| 502 | |a Διατριβή (μεταπτυχιακή) – Πανεπιστήμιο Αιγαίου, Σύρος, 2013. | ||
| 504 | |a Βιβλιογραφία: σ. 121-124 | ||
| 520 | |a Η κλασική θεραπευτική ομοιοπαθητική, μία επιστήμη μη γραμμική, πολύπλοκη, συστημική, δεν μπόρεσε μέχρι τώρα να πείσει περί της αναγκαιότητάς της λόγω φαρμάκου το οποίο είναι ένα μαύρο κουτί για την επιστήμη. Με αυτή την εργασία θέλουμε να δείξουμε κατά πόσο το μαύρο κουτί του ομοιοπαθητικού φαρμάκου μπορεί να γίνει λευκό. | ||
| 650 | 0 | 0 | |a Homeopathy |x Attenuations, dilutions, and potencies. |
| 650 | 0 | 0 | |a Dilution. |
| 650 | 0 | 0 | |a Dissertations, Academic |z Greece. |
| 700 | 1 | |a Καραγιάννη, Χάιδω-Στεφανία. |4 ths | |
| 710 | 2 | |a Πανεπιστήμιο Αιγαίου. |b Τμήμα Μηχανικών Σχεδίασης Προϊόντων και Συστημάτων. |b Μεταπτυχιακό Πρόγραμμα Σπουδών στα Ολιστικά Εναλλακτικά Θεραπευτικά Συστήματα - Κλασική Ομοιοπαθητική. | |
| 852 | |a INST |b SYROS |c DIATR |e 20130521 |h 615.532 ΚΑΛ |p 005500010713 |q 005500010713 |t MTXE |y 23 | ||
| 852 | |a INST |b SYROS |c DIATR |e 20130521 |h 615.532 ΚΑΛ |p 005500010714 |q 005500010714 |t MTXE |y 23 | ||
| 856 | |u http://hdl.handle.net/11610/12703 | ||
| 901 | |a BIBL5-2012-1 | ||
| 909 | |a Ε |b 174212 | ||
| 909 | |a Ε |b 174213 | ||
| 924 | |a ΚΑΛΛΙΑΝΤΑΣ |b ΔΗΜΗΤΡΗΣ |y ΣΥΡΟΣ |z 2013-04 | ||
| 970 | |a ΚΟΝΤΟΥ |b ΠΑΡΑΣΚΕΥΗ |z 2013/05/21 | ||